| 000 | 00959nam a2200289Ia 4500 | ||
|---|---|---|---|
| 003 | OSt | ||
| 005 | 20221007121046.0 | ||
| 006 | a|||||r|||| 00| 0 | ||
| 007 | ta | ||
| 008 | 221006b |||||||| |||| 00| 0 eng d | ||
| 020 | _a9781418000813 (hbd) | ||
| 024 | _a110061 | ||
| 037 |
_b172, 07/07/2010, Prashant Book Agency _cTextbook |
||
| 040 |
_aBDL _cBDL _beng |
||
| 041 |
_2eng _aeng |
||
| 082 | _aI, P9-;1 Carb | ||
| 100 |
_aGlass Marihelen _9710587 |
||
| 245 | 0 |
_aFundamentals of plant science _b Parker Rick |
|
| 260 |
_aAustralia _bCengage Learning _c2009 |
||
| 300 |
_axvii, 682p. _ccm. |
||
| 500 | _aIncludes bibliographical references.; Appendix 637-644p.; Glossary 645-670p.; Index 671-682p. | ||
| 650 | _a Plant science | ||
| 650 | _aBotany | ||
| 700 | _a Parker Rick | ||
| 942 |
_hI, P9-;1 Carb _cTB _2CC |
||
| 999 |
_c1208389 _d1208389 |
||